The Asian economic catharsis how Asian firms bounce back from crisis /

Bibliographic Details
Corporate Author: ProQuest (Firm)
Other Authors: Richter, Frank-Jurgen.
Format: Electronic eBook
Language:English
Published: Westport, Conn. : Quorum, 2000.
Subjects:
Online Access:Click to View
LEADER 01271nam a22003374a 4500
001 EBC3000410
003 MiAaPQ
005 20200520144314.0
006 m o d |
007 cr cn|||||||||
008 991027s2000 ctua sb 001 0 eng
010 |z  99056364  
020 |z 1567203779 (alk. paper) 
035 |a (MiAaPQ)EBC3000410 
035 |a (Au-PeEL)EBL3000410 
035 |a (CaPaEBR)ebr10002042 
035 |a (OCoLC)55533727 
040 |a MiAaPQ  |c MiAaPQ  |d MiAaPQ 
050 4 |a HD70.A7  |b A75 2000 
082 0 4 |a 338.5/43/095  |2 21 
245 0 4 |a The Asian economic catharsis  |h [electronic resource] :  |b how Asian firms bounce back from crisis /  |c edited by Frank-Jurgen Richter. 
260 |a Westport, Conn. :  |b Quorum,  |c 2000. 
300 |a viii, 282 p. :  |b ill. 
504 |a Includes bibliographical references and index. 
533 |a Electronic reproduction. Ann Arbor, MI : ProQuest, 2015. Available via World Wide Web. Access may be limited to ProQuest affiliated libraries. 
650 0 |a Industrial management  |z Asia. 
650 0 |a Corporations  |z Asia. 
655 4 |a Electronic books. 
700 1 |a Richter, Frank-Jurgen. 
710 2 |a ProQuest (Firm) 
856 4 0 |u https://ebookcentral.proquest.com/lib/matrademy/detail.action?docID=3000410  |z Click to View